India's war on terror / (Record no. 97120)

MARC details
000 -LEADER
fixed length control field 00613nam a22001937a 4500
005 - DATE AND TIME OF LATEST TRANSACTION
control field 20151117164443.0
010 ## - LCCN (DPL NO)
LC control number ENG-114089
020 ## - INTERNATIONAL STANDARD BOOK NUMBER
Terms of availability 680.00
International Standard Book Number 9789380502069
035 ## - SYSTEM CONTROL NUMBER
System control number EN-97621
037 ## - SOURCE OF ACQUISITION
Source of stock number/acquisition DBAD/PUB
082 ## - DEWEY DECIMAL CLASSIFICATION NUMBER
Classification number 363.3250954792
245 ## - TITLE STATEMENT
Title India's war on terror /
Statement of responsibility, etc edited by Gurmeet Kanwal [and] N. Manoharan
260 ## - PUBLICATION, DISTRIBUTION, ETC. (IMPRINT)
Place of publication, distribution, etc New Delhi
Name of publisher, distributor, etc KW Publishers
Date of publication, distribution, etc 2010
270 ## - ADDRESS
Address 4676/21, First Floor, Ansari Road, Daryganj
City New Delhi
Postal code 110002
300 ## - PHYSICAL DESCRIPTION
Extent xvi,296p. :
Dimensions 24cm(Hb)
Other physical details ill.
700 ## - ADDED ENTRY--PERSONAL NAME
Personal name Kanwal, Gurmeet
700 ## - ADDED ENTRY--PERSONAL NAME
Personal name Manoharan, N.
942 ## - ADDED ENTRY ELEMENTS (KOHA)
Source of classification or shelving scheme Dewey Decimal Classification
Item type English Books
Call number suffix IND
Classification part 363.3250954792
Holdings
Withdrawn status Lost status Not for loan Collection code Home library Current library Date acquired Source of acquisition Cost, normal purchase price Full call number Barcode Copy number Cost, replacement price Koha item type
    Not For Loan Non-fiction D.B.Act.Division D.B.Act.Division 18/09/2015 DBAD/PUB 680.00 363.3250954792 IND EN-97621 1 680.00 English Books

© Delhi Public Library
Hit Counter
free hit counter